000 00467nam a2200157 i 4500
001 135307
003 ES-MaACL
005 20230906194844.0
007 t|
008 070716s1949 it ||||1| ita d
100 1 _aTorelli, Pietro.
_9110631
245 1 0 _aLezioni di storia del Diritto Italiano
_b: Diritto Privato. Le Persone /
_cPietro Torelli.
260 _aMilano :
_bA. Giuffré,
_c1949.
300 _a133 p. ;
_c25 cm.
852 _aES-MaACL
_jD-7333
_bR.31869
999 _c135307
_d135307